Statistics for Falling in Reverse - The Drug In Me Is Reimagined

Click here to take the quiz!

General Stats

  • This quiz has been taken 57 times
  • The average score is 200 of 259

Answer Stats

Answer% Correct
a
100%
I
100%
The
98%
the
98%
in
96%
in,
96%
me
96%
me,
96%
other
93%
to
93%
you
93%
You
93%
day
91%
door
91%
knock
91%
My
91%
my
91%
heard
89%
it
89%
drug
87%
go,
87%
I'm
87%
is
87%
just
87%
upon
87%
be
84%
can't
84%
face
84%
find
84%
see?
84%
staring
84%
time
84%
all
82%
case
82%
happens
82%
meant
82%
of
82%
And
80%
and
80%
believe
80%
coffin
80%
every
80%
lost
80%
mind,
80%
on
80%
opened
80%
So
80%
so
80%
this
80%
actually
78%
consume,
78%
high
78%
mortal
78%
no
78%
Trying
78%
down
76%
drag
76%
misery,
76%
now
76%
now"
76%
feel
73%
I've
73%
Running
73%
running
73%
don't
71%
Everywhere
71%
"Feet,
71%
goddamn
71%
here
71%
house
71%
still
71%
that
71%
death
69%
fail
69%
from
69%
hundred-
69%
keep
69%
old
69%
praying
69%
shivers
69%
spine
69%
we
69%
year-
69%
dark
67%
dice
67%
die
67%
fucking
67%
haunts
67%
kind
67%
live
67%
past,
67%
roll
67%
single
67%
your
67%
Your
67%
alive
64%
crooked
64%
darkness
64%
eyes
64%
lies
64%
pull
64%
reverberates
64%
Snake
64%
Then
64%
with
64%
overdrive
62%
sends
62%
tried
62%
Adrenaline
60%
as
60%
contradicts
60%
If
60%
if
60%
kicks
60%
life
60%
secrets
60%
body's
58%
hand
58%
there's
58%
thoughts,
58%
through
58%
trembling,
58%
wrestle
58%
born
56%
head
56%
into
56%
like
56%
living
56%
many
56%
myself
56%
point
56%
shook
56%
stalking
56%
these
56%
what's
56%
always
53%
are
53%
doubt
53%
got
53%
help
53%
things
53%
questions
51%
shifts
51%
understand
51%
would
51%
but
49%
felt
49%
goodbye
49%
save
49%
long,
47%
won't
47%
'cause
44%
sick,
44%
work
44%
reach
40%

Score Distribution

Percentile by Number Answered

Percent of People with Each Score

Your Score History

You have not taken this quiz